| 000 | 01307nam0a22002891 4500 | ||
|---|---|---|---|
| 001 | rc\2270038 | ||
| 005 | 20110829190858.5 | ||
| 035 | _a(NLR Aleph) 006551133 | ||
| 090 |
_a6741375 _c6741375 |
||
| 100 | _a20110829d1977 |||y0rusy50 ca | ||
| 101 | 0 | _arus | |
| 102 | _aRU | ||
| 105 | _ay z ||||| | ||
| 200 | 1 |
_aМетодика обработки информации хронометражных наблюдений на разведочном бурении с использованием ВПМ _fВНИИ экономики минер. сырья и геол.-развед. работ _g[Сост. В.С. Антоновым] |
|
| 210 |
_aМосква _cВИЭМС _d1977 |
||
| 215 |
_a26 с. _d20 |
||
| 606 |
_aБурение разведочное _xХронометраж _xОбработка результатов на вычислительных машинах _2psbo |
||
| 686 |
_aД443.57с18я8 _2rubbk |
||
| 702 | 1 |
_aАнтонов _bВ. С. _4220 |
|
| 712 | 0 | 2 |
_aВНИИ экономики минерального сырья и геологоразведочных работ _3RU\NLR\AUTH\888989 |
| 801 | 0 |
_aRU _bNLR _gpsbo |
|
| 801 | 1 |
_aRU _bELAR _2rusmarc |
|
| 852 |
_aNLR _j78-4/24488 |
||
| 899 |
_aRuMoRGB _jБ 78-55/1379 |
||
| 899 |
_aRuMoRGB _jБ 78-55/1380 |
||
| 942 | _cBOOK | ||
| 980 | _aNB | ||